<?xml version="1.0" encoding="UTF-8"?><marc:collection xmlns:marc="http://www.loc.gov/MARC21/slim">
  <marc:record>
    <marc:leader>04214nas a2200745 c 4500</marc:leader>
    <marc:controlfield tag="001">010058044</marc:controlfield>
    <marc:controlfield tag="003">DE-101</marc:controlfield>
    <marc:controlfield tag="005">20250821104730.0</marc:controlfield>
    <marc:controlfield tag="007">tu</marc:controlfield>
    <marc:controlfield tag="007">hd bfu000buau</marc:controlfield>
    <marc:controlfield tag="007">hu uuu000uuau</marc:controlfield>
    <marc:controlfield tag="008">991118c19469999gw d||n   ||| 0||||1ger c</marc:controlfield>
    <marc:datafield tag="015" ind1=" " ind2=" ">
      <marc:subfield code="a">99,V01</marc:subfield>
      <marc:subfield code="2">dnb</marc:subfield>
    </marc:datafield>
    <marc:datafield tag="016" ind1="7" ind2=" ">
      <marc:subfield code="2">DE-600</marc:subfield>
      <marc:subfield code="a">3885-4</marc:subfield>
    </marc:datafield>
    <marc:datafield tag="016" ind1="7" ind2=" ">
      <marc:subfield code="2">DE-101</marc:subfield>
      <marc:subfield code="a">010058044</marc:subfield>
    </marc:datafield>
    <marc:datafield tag="035" ind1=" " ind2=" ">
      <marc:subfield code="a">(DE-599)ZDB3885-4</marc:subfield>
    </marc:datafield>
    <marc:datafield tag="035" ind1=" " ind2=" ">
      <marc:subfield code="a">(OCoLC)643901041</marc:subfield>
    </marc:datafield>
    <marc:datafield tag="040" ind1=" " ind2=" ">
      <marc:subfield code="a">9001</marc:subfield>
      <marc:subfield code="b">ger</marc:subfield>
      <marc:subfield code="c">DE-101</marc:subfield>
      <marc:subfield code="d">0109</marc:subfield>
    </marc:datafield>
    <marc:datafield tag="041" ind1=" " ind2=" ">
      <marc:subfield code="a">ger</marc:subfield>
    </marc:datafield>
    <marc:datafield tag="042" ind1=" " ind2=" ">
      <marc:subfield code="a">zdb</marc:subfield>
    </marc:datafield>
    <marc:datafield tag="044" ind1=" " ind2=" ">
      <marc:subfield code="c">XA-DE</marc:subfield>
    </marc:datafield>
    <marc:datafield tag="082" ind1="7" ind2="4">
      <marc:subfield code="8">2\p</marc:subfield>
      <marc:subfield code="a">070</marc:subfield>
      <marc:subfield code="q">DE-101</marc:subfield>
      <marc:subfield code="2">22sdnb</marc:subfield>
    </marc:datafield>
    <marc:datafield tag="083" ind1="7" ind2=" ">
      <marc:subfield code="a">050</marc:subfield>
      <marc:subfield code="q">DE-600</marc:subfield>
      <marc:subfield code="2">22sdnb</marc:subfield>
    </marc:datafield>
    <marc:datafield tag="090" ind1=" " ind2=" ">
      <marc:subfield code="n">sm</marc:subfield>
      <marc:subfield code="n">lp</marc:subfield>
    </marc:datafield>
    <marc:datafield tag="245" ind1="0" ind2="0">
      <marc:subfield code="a">&#152;Die&#156; Welt</marc:subfield>
      <marc:subfield code="n">B</marc:subfield>
      <marc:subfield code="p">[Ausgabe Berlin]</marc:subfield>
    </marc:datafield>
    <marc:datafield tag="246" ind1="1" ind2="3">
      <marc:subfield code="a">&#152;Die&#156; Welt &lt;Hamburg&gt; / B</marc:subfield>
    </marc:datafield>
    <marc:datafield tag="246" ind1="3" ind2=" ">
      <marc:subfield code="a">Welt unlimited</marc:subfield>
    </marc:datafield>
    <marc:datafield tag="246" ind1="1" ind2=" ">
      <marc:subfield code="i">Titelzusatz 1947-1950</marc:subfield>
      <marc:subfield code="a">überparteiliche Zeitung für die britische Zone</marc:subfield>
    </marc:datafield>
    <marc:datafield tag="246" ind1="1" ind2=" ">
      <marc:subfield code="i">Titelzusatz 1951-2004</marc:subfield>
      <marc:subfield code="a">unabhängige Tageszeitung für Deutschland</marc:subfield>
    </marc:datafield>
    <marc:datafield tag="247" ind1="0" ind2="0">
      <marc:subfield code="a">&#152;Die&#156; Welt. Ausgabe Berlin</marc:subfield>
      <marc:subfield code="f">Haupttitel früher</marc:subfield>
      <marc:subfield code="g">Earliest title</marc:subfield>
    </marc:datafield>
    <marc:datafield tag="264" ind1="3" ind2="1">
      <marc:subfield code="a">Berlin</marc:subfield>
      <marc:subfield code="b">Axel Springer SE</marc:subfield>
      <marc:subfield code="c">1946-</marc:subfield>
    </marc:datafield>
    <marc:datafield tag="264" ind1=" " ind2="1">
      <marc:subfield code="3">1946-[?]</marc:subfield>
      <marc:subfield code="a">Essen</marc:subfield>
      <marc:subfield code="b">Springer</marc:subfield>
    </marc:datafield>
    <marc:datafield tag="336" ind1=" " ind2=" ">
      <marc:subfield code="a">Text</marc:subfield>
      <marc:subfield code="b">txt</marc:subfield>
      <marc:subfield code="2">rdacontent</marc:subfield>
    </marc:datafield>
    <marc:datafield tag="337" ind1=" " ind2=" ">
      <marc:subfield code="a">ohne Hilfsmittel zu benutzen</marc:subfield>
      <marc:subfield code="b">n</marc:subfield>
      <marc:subfield code="2">rdamedia</marc:subfield>
    </marc:datafield>
    <marc:datafield tag="337" ind1=" " ind2=" ">
      <marc:subfield code="a">Mikroform</marc:subfield>
      <marc:subfield code="b">h</marc:subfield>
      <marc:subfield code="2">rdamedia</marc:subfield>
    </marc:datafield>
    <marc:datafield tag="338" ind1=" " ind2=" ">
      <marc:subfield code="a">Band</marc:subfield>
      <marc:subfield code="b">nc</marc:subfield>
      <marc:subfield code="2">rdacarrier</marc:subfield>
    </marc:datafield>
    <marc:datafield tag="338" ind1=" " ind2=" ">
      <marc:subfield code="a">Mikrofilmrolle</marc:subfield>
      <marc:subfield code="b">hj</marc:subfield>
      <marc:subfield code="2">rdacarrier</marc:subfield>
    </marc:datafield>
    <marc:datafield tag="362" ind1="0" ind2=" ">
      <marc:subfield code="a">1946-</marc:subfield>
    </marc:datafield>
    <marc:datafield tag="363" ind1="0" ind2="1">
      <marc:subfield code="8">1.1\x</marc:subfield>
      <marc:subfield code="i">1946</marc:subfield>
    </marc:datafield>
    <marc:datafield tag="500" ind1=" " ind2=" ">
      <marc:subfield code="a">Ungezählte Beilage: Welt unlimited</marc:subfield>
    </marc:datafield>
    <marc:datafield tag="515" ind1=" " ind2=" ">
      <marc:subfield code="a">Periodizität: tägl.</marc:subfield>
    </marc:datafield>
    <marc:datafield tag="530" ind1=" " ind2=" ">
      <marc:subfield code="a">Mikrofilm-Ausg.: Berlin : Staatsbibliothek zu Berlin. - Mikrofilm-Ausg.: Bonn : Mikropress. - Mikrofilm-Ausg.: Leipzig ; Frankfurt, M. ; Berlin : Dt. Nationalbibliothek, 1996 - 2010. 35 mm. - Mikrofilm-Ausgabe: Dortmund : Mikrofilmarchiv der Deutschsprachigen Presse e. V., (MFA). Mikrofilmrollen</marc:subfield>
    </marc:datafield>
    <marc:datafield tag="533" ind1=" " ind2=" ">
      <marc:subfield code="7">d19962010</marc:subfield>
      <marc:subfield code="a">Mikrofilm-Ausg.</marc:subfield>
      <marc:subfield code="b">Berlin</marc:subfield>
      <marc:subfield code="c">Staatsbibliothek zu Berlin</marc:subfield>
      <marc:subfield code="b">Bonn</marc:subfield>
      <marc:subfield code="c">Mikropress</marc:subfield>
      <marc:subfield code="b">Leipzig ; Frankfurt, M. ; Berlin</marc:subfield>
      <marc:subfield code="c">Dt. Nationalbibliothek</marc:subfield>
      <marc:subfield code="b">Dortmund</marc:subfield>
      <marc:subfield code="c">Mikrofilmarchiv der Deutschsprachigen Presse e. V., MFA</marc:subfield>
    </marc:datafield>
    <marc:datafield tag="583" ind1="1" ind2=" ">
      <marc:subfield code="a">Archivierung/Langzeitarchivierung gewährleistet</marc:subfield>
      <marc:subfield code="c">2020</marc:subfield>
      <marc:subfield code="f">PENW</marc:subfield>
      <marc:subfield code="5">DE-5</marc:subfield>
      <marc:subfield code="2">pdager</marc:subfield>
    </marc:datafield>
    <marc:datafield tag="583" ind1="1" ind2=" ">
      <marc:subfield code="3">1994-</marc:subfield>
      <marc:subfield code="a">Archivierung/Langzeitarchivierung gewährleistet</marc:subfield>
      <marc:subfield code="f">PEBE</marc:subfield>
      <marc:subfield code="5">DE-109</marc:subfield>
      <marc:subfield code="2">pdager</marc:subfield>
    </marc:datafield>
    <marc:datafield tag="591" ind1=" " ind2=" ">
      <marc:subfield code="a">(üa/Z) 1!1!(läuft weiter)(22-03-23) Abl.</marc:subfield>
    </marc:datafield>
    <marc:datafield tag="651" ind1=" " ind2="7">
      <marc:subfield code="0">(DE-588)4011882-4</marc:subfield>
      <marc:subfield code="0">https://d-nb.info/gnd/4011882-4</marc:subfield>
      <marc:subfield code="0">(DE-101)040118827</marc:subfield>
      <marc:subfield code="a">Deutschland</marc:subfield>
      <marc:subfield code="9">rswk-swf</marc:subfield>
      <marc:subfield code="2">gnd</marc:subfield>
    </marc:datafield>
    <marc:datafield tag="655" ind1=" " ind2="7">
      <marc:subfield code="0">(DE-588)4067510-5</marc:subfield>
      <marc:subfield code="0">https://d-nb.info/gnd/4067510-5</marc:subfield>
      <marc:subfield code="0">(DE-101)040675106</marc:subfield>
      <marc:subfield code="a">Zeitung</marc:subfield>
      <marc:subfield code="2">gnd-content</marc:subfield>
    </marc:datafield>
    <marc:datafield tag="655" ind1=" " ind2="7">
      <marc:subfield code="0">(DE-588)4074317-2</marc:subfield>
      <marc:subfield code="0">https://d-nb.info/gnd/4074317-2</marc:subfield>
      <marc:subfield code="0">(DE-101)040743179</marc:subfield>
      <marc:subfield code="a">Lokalzeitung</marc:subfield>
      <marc:subfield code="2">gnd-content</marc:subfield>
    </marc:datafield>
    <marc:datafield tag="689" ind1="0" ind2="0">
      <marc:subfield code="0">(DE-588)4011882-4</marc:subfield>
      <marc:subfield code="0">https://d-nb.info/gnd/4011882-4</marc:subfield>
      <marc:subfield code="0">(DE-101)040118827</marc:subfield>
      <marc:subfield code="D">g</marc:subfield>
      <marc:subfield code="a">Deutschland</marc:subfield>
    </marc:datafield>
    <marc:datafield tag="689" ind1="0" ind2=" ">
      <marc:subfield code="5">DE-5</marc:subfield>
      <marc:subfield code="5">DE-605</marc:subfield>
    </marc:datafield>
    <marc:datafield tag="751" ind1=" " ind2=" ">
      <marc:subfield code="0">(DE-588)4023118-5</marc:subfield>
      <marc:subfield code="0">https://d-nb.info/gnd/4023118-5</marc:subfield>
      <marc:subfield code="0">(DE-101)040231186</marc:subfield>
      <marc:subfield code="a">Hamburg</marc:subfield>
      <marc:subfield code="e">Verbreitungsort</marc:subfield>
      <marc:subfield code="4">dbp</marc:subfield>
      <marc:subfield code="2">gnd</marc:subfield>
    </marc:datafield>
    <marc:datafield tag="751" ind1=" " ind2=" ">
      <marc:subfield code="0">(DE-588)4005728-8</marc:subfield>
      <marc:subfield code="0">https://d-nb.info/gnd/4005728-8</marc:subfield>
      <marc:subfield code="0">(DE-101)040057283</marc:subfield>
      <marc:subfield code="a">Berlin</marc:subfield>
      <marc:subfield code="e">Verbreitungsort</marc:subfield>
      <marc:subfield code="4">dbp</marc:subfield>
      <marc:subfield code="2">gnd</marc:subfield>
    </marc:datafield>
    <marc:datafield tag="751" ind1=" " ind2=" ">
      <marc:subfield code="0">(DE-588)4069304-1</marc:subfield>
      <marc:subfield code="0">https://d-nb.info/gnd/4069304-1</marc:subfield>
      <marc:subfield code="0">(DE-101)04069304X</marc:subfield>
      <marc:subfield code="a">Berlin</marc:subfield>
      <marc:subfield code="e">Verbreitungsort</marc:subfield>
      <marc:subfield code="g">West</marc:subfield>
      <marc:subfield code="4">dbp</marc:subfield>
      <marc:subfield code="2">gnd</marc:subfield>
    </marc:datafield>
    <marc:datafield tag="770" ind1="0" ind2="8">
      <marc:subfield code="i">Supplement</marc:subfield>
      <marc:subfield code="t">Reisen</marc:subfield>
      <marc:subfield code="d">[Berlin] : WeltN24 GmbH, 2015-</marc:subfield>
      <marc:subfield code="w">(DE-600)2827213-4</marc:subfield>
      <marc:subfield code="w">(DE-101)1073558266</marc:subfield>
    </marc:datafield>
    <marc:datafield tag="770" ind1="0" ind2="8">
      <marc:subfield code="i">Supplement</marc:subfield>
      <marc:subfield code="n">Ab ca. 2015 Suppl.</marc:subfield>
      <marc:subfield code="t">&#152;Die&#156; Stilisten. Hamburg</marc:subfield>
      <marc:subfield code="d">[Hamburg] : Axel Springer SE, 2013-</marc:subfield>
      <marc:subfield code="w">(DE-600)2827192-0</marc:subfield>
      <marc:subfield code="w">(DE-101)1073555313</marc:subfield>
    </marc:datafield>
    <marc:datafield tag="776" ind1="0" ind2="8">
      <marc:subfield code="i">Erscheint auch als</marc:subfield>
      <marc:subfield code="n">E-Paper-Ausgabe</marc:subfield>
      <marc:subfield code="t">&#152;Die&#156; Welt &lt;Hamburg&gt; / Berlin. [Berlin]</marc:subfield>
      <marc:subfield code="d">Essen : Springer, 2001-2015</marc:subfield>
      <marc:subfield code="h">Online-Ressource</marc:subfield>
      <marc:subfield code="w">(DE-600)2517691-2</marc:subfield>
      <marc:subfield code="w">(DE-101)99714484X</marc:subfield>
    </marc:datafield>
    <marc:datafield tag="787" ind1="0" ind2="8">
      <marc:subfield code="i">In Beziehung stehendes Werk</marc:subfield>
      <marc:subfield code="n">Sonntagsausg.</marc:subfield>
      <marc:subfield code="t">Welt am Sonntag &lt;Hamburg&gt; / Ausgabe Berlin. Ausgabe Berlin</marc:subfield>
      <marc:subfield code="d">Hamburg : Springer, 1949-1985</marc:subfield>
      <marc:subfield code="w">(DE-600)3972-X</marc:subfield>
      <marc:subfield code="w">(DE-101)010059644</marc:subfield>
    </marc:datafield>
    <marc:datafield tag="787" ind1="0" ind2="8">
      <marc:subfield code="i">In Beziehung stehendes Werk</marc:subfield>
      <marc:subfield code="n">Sonntagsausg.</marc:subfield>
      <marc:subfield code="t">Welt am Sonntag &lt;Hamburg&gt; / Ausgabe Berlin, Nord. Ausgabe Berlin/Nord</marc:subfield>
      <marc:subfield code="d">Hamburg : Springer, [1985-1993]</marc:subfield>
      <marc:subfield code="w">(DE-600)1000300-9</marc:subfield>
      <marc:subfield code="w">(DE-101)015338339</marc:subfield>
    </marc:datafield>
    <marc:datafield tag="787" ind1="0" ind2="8">
      <marc:subfield code="i">In Beziehung stehendes Werk</marc:subfield>
      <marc:subfield code="t">Welt am Sonntag</marc:subfield>
      <marc:subfield code="d">Berlin : Axel Springer SE, [2021]-</marc:subfield>
      <marc:subfield code="w">(DE-600)3108247-6</marc:subfield>
      <marc:subfield code="w">(DE-101)1250778158</marc:subfield>
      <marc:subfield code="b">B [Ausgabe Berlin], Frühausgabe</marc:subfield>
    </marc:datafield>
    <marc:datafield tag="850" ind1=" " ind2=" ">
      <marc:subfield code="a">DE-101a</marc:subfield>
      <marc:subfield code="a">DE-101b</marc:subfield>
    </marc:datafield>
    <marc:datafield tag="883" ind1="2" ind2=" ">
      <marc:subfield code="8">2\p</marc:subfield>
      <marc:subfield code="a">dnb</marc:subfield>
      <marc:subfield code="d">20240923</marc:subfield>
      <marc:subfield code="q">DE-101</marc:subfield>
      <marc:subfield code="u">https://d-nb.info/provenance/plan#dnb</marc:subfield>
    </marc:datafield>
    <marc:datafield tag="889" ind1=" " ind2=" ">
      <marc:subfield code="w">(DE-101)947324496</marc:subfield>
    </marc:datafield>
    <marc:datafield tag="925" ind1="r" ind2=" ">
      <marc:subfield code="a">ra</marc:subfield>
    </marc:datafield>
    <marc:datafield tag="930" ind1=" " ind2=" ">
      <marc:subfield code="l">B</marc:subfield>
      <marc:subfield code="a">[Ausgabe Berlin]</marc:subfield>
    </marc:datafield>
  </marc:record>
</marc:collection>
